Actor vs Actor's Other Movie Character Quiz Stats

 Plays Quiz Updated Jan 12, 2018

Challenge
Share
Tweet
Embed
Score 0/24 Timer 05:00
0 Plays Today
% Correct
Kill Bill: Vol. 1
87.1%
Pirates of the Caribbean: The Curse of the Black Pearl
86.7%
Fight Club
83.8%
The Departed
83.1%
Captain America: Civil War
80.5%
The Karate Kid
80.4%
From Russia With Love
79.8%
Happy Gilmore
79.3%
Crouching Tiger, Hidden Dragon
77.2%
Robin Hood: Prince of Thieves
77.1%
Bridget Jones's Diary
75.3%
The Dark Knight Rises
73.5%
% Correct
Gladiator
73.2%
Rocky
68.1%
The Princess Bride
67.3%
Lethal Weapon
66.7%
The Matrix
66%
Demolition Man
65.4%
Kindergarten Cop
65.1%
Terminator 2: Judgment Day
64%
The Lion King
63.8%
The Patriot
61.6%
Interstellar
61.2%
Speed
61%

You're not logged in!

Compare scores with friends on all Sporcle quizzes.
OR
Log In

You Might Also Like...

Show Comments

Extras

Top Quizzes Today


Score Distribution

Your Account Isn't Verified!

In order to create a playlist on Sporcle, you need to verify the email address you used during registration. Go to your Sporcle Settings to finish the process.

Report this User

Report this user for behavior that violates our Community Guidelines.

Details: